| 000 | 00666nam a2200229Ii 4500 | ||
|---|---|---|---|
| 003 | JO-AjNU | ||
| 008 | 230605s9999||||xx |||||||||||||| ||und|| | ||
| 017 | _a1982/1597 | ||
| 020 | _a977-7323-48-4 | ||
| 040 |
_aJO-AjNU _bara _erda _cJO-AjNU |
||
| 041 | _aara | ||
| 050 | 1 | 4 | _aDT107.85.S2221 1982 |
| 100 | 3 |
_aالسادات، انور, _eauthor _918695 |
|
| 245 | 0 | 0 | _aوصيتي |
| 250 | _aط1 | ||
| 264 | 3 | 1 | _aالقاهرة: المكتب المصري الحديث، 1982 |
| 300 | _a226ص | ||
| 336 |
_atext _btxt _2rdacontent |
||
| 337 |
_aunmediated _bn _2rdamedia |
||
| 338 |
_avolume _bnc _2rdacarrier |
||
| 650 | 4 |
_aالسادات-مصر-تاريخ _918696 |
|
| 999 |
_aA6028 _c9596 _d9596 |
||